000 00274nam a2200097Ia 4500
008 220204s9999 xx 000 0 und d
082 _a338.45.01
_bIND;1
245 0 _aProgrammes of industrial development 1956-61
260 _aDelhi
_bManager of publications
_c1956
942 _cBK
999 _c20071
_d20071